¿Crisis de salud mental en adolescentes y jóvenes? : (Record no. 213311)
[ view plain ]
| 000 -CABECERA | |
|---|---|
| campo de control de longitud fija | 02017nab a2200277 ab4500 |
| 005 - FECHA Y HORA DE LA ÚLTIMA TRANSACCIÓN | |
| campo de control | 20250527113626.0 |
| 008 - ELEMENTOS DE LONGITUD FIJA--INFORMACIÓN GENERAL | |
| campo de control de longitud fija | 250526c2025 sp tr|p o ||| 00| 0 spa d |
| 040 ## - FUENTE DE LA CATALOGACIÓN | |
| Centro catalogador/agencia de origen | MX-MxUPN |
| Lengua de catalogación | spa |
| Centro/agencia transcriptor | MX-MxUPN |
| Normas de descripción | aacr2 |
| 100 ## - ASIENTO PRINCIPAL--NOMBRE PERSONAL | |
| Nombre de persona | Cova, Félix |
| 9 (RLIN) | 56674 |
| 100 1# - ASIENTO PRINCIPAL--NOMBRE PERSONAL | |
| Nombre de persona | Grandón, Pamela |
| 9 (RLIN) | 56675 |
| 100 1# - ASIENTO PRINCIPAL--NOMBRE PERSONAL | |
| Nombre de persona | Nazar, Gabriela |
| 9 (RLIN) | 56676 |
| 100 1# - ASIENTO PRINCIPAL--NOMBRE PERSONAL | |
| Nombre de persona | Romero Hernández, Caterin |
| 9 (RLIN) | 56677 |
| 100 1# - ASIENTO PRINCIPAL--NOMBRE PERSONAL | |
| Nombre de persona | Lagos Sepúlveda, Germán Eduardo |
| 9 (RLIN) | 56678 |
| 245 11 - MENCIÓN DE TÍTULO | |
| Título | ¿Crisis de salud mental en adolescentes y jóvenes? : |
| Resto del título | rol del proceso de psiquiatrización social |
| Medio | [recurso electrónico en línea] |
| 506 0# - NOTA DE RESTRICCIONES AL ACCESO | |
| Limitaciones de acceso | Acceso abierto |
| 520 3# - NOTA DE RESUMEN, ETC. | |
| Sumario, etc. | La preocupación por el aparente aumento de los problemas de salud mental en adolescentes y jóvenes se ha intensificado considerablemente en los últimos años, siendo común en la actualidad referirse a una “crisis de salud mental” en este grupo de edad. Los estudios epidemiológicos disponibles confirman un incremento en los comportamientos internalizados dentro de esta población. Este artículo propone que el proceso sociocultural de “psiquiatrización social” de la sociedad contemporánea es un factor contextual indispensable tanto para analizar la situación de salud mental de adolescentes y jóvenes como para comprender el alcance y significado de esta aparente crisis. Se argumenta que un riesgo de no prestar suficiente atención a este contexto es la psicopatologización injustificada y iatrogénica del malestar adolescente, ignorando factores sociales relevantes tanto para comprender las causas del malestar como para desarrollar respuestas integrales a este. PP |
| 650 #4 - ASIENTO SECUNDARIO DE MATERIA - TERMINO TEMATICO | |
| Término de materia o nombre geográfico como elemento de entrada | Salud mental |
| 9 (RLIN) | 22888 |
| 650 #2 - ASIENTO SECUNDARIO DE MATERIA - TERMINO TEMATICO | |
| Término de materia o nombre geográfico como elemento de entrada | Jóvenes |
| 9 (RLIN) | 5660 |
| 653 ## - TERMINO DE INDIZACION - NO CONTROLADO | |
| Término no controlado | Crisis de salud mental |
| 653 ## - TERMINO DE INDIZACION - NO CONTROLADO | |
| Término no controlado | Psiquiatrización social |
| 773 ## - ENLACE AL DOCUMENTO FUENTE/ENTRADA DE REGISTRO ANFITRIÓN | |
| Parte(s) relacionada(s) | No. 46, no. 1 (2025), p. 33-40 |
| Título | Papeles del psicólogo |
| Número Internacional Normalizado para Publicaciones Seriadas | 0214-7823 |
| 856 ## - LOCALIZACIÓN Y ACCESO ELECTRÓNICOS | |
| Identificador Uniforme del Recurso | <a href="https://www.papelesdelpsicologo.es/pdf/3052.pdf">https://www.papelesdelpsicologo.es/pdf/3052.pdf</a> |
| 856 ## - LOCALIZACIÓN Y ACCESO ELECTRÓNICOS | |
| Identificador Uniforme del Recurso | <a href="https://doi.org/10.70478/pap.psicol.2025.46.05">https://doi.org/10.70478/pap.psicol.2025.46.05</a> |
| 902 ## - ELEMENTOS DE DATOS B LOCAL, LDB (RLIN) | |
| Creó | Leonor Sotres/260525 |
| 942 ## - ELEMENTOS DE PUNTO DE ACCESO ADICIONAL (KOHA) | |
| Tipo de ítem Koha | Artículo Electrónico |
| Estado de retiro | Estado de pérdida | Estado dañado | No para préstamo | Código de colección | Localización permanente | Ubicación/localización actual | Ubicación en estantería | Fecha de adquisición | Total de préstamos | Fecha visto por última vez | Identificador Uniforme del Recurso | Precio válido a partir de | Tipo de ítem Koha |
|---|---|---|---|---|---|---|---|---|---|---|---|---|---|
| Acceso abierto | Bib. Gregorio Torres Quintero | Bib. Gregorio Torres Quintero | En línea | 26/05/2025 | 26/05/2025 | https://doi.org/10.70478/pap.psicol.2025.46.05 | 26/05/2025 | Artículo Electrónico |
